Vishwa ke manchiter per Hindi (Record no. 1382156)

MARC details
000 -LEADER
fixed length control field 00426nam a2200169Ia 4500
005 - DATE AND TIME OF LATEST TRANSACTION
control field 20250508163310.0
008 - FIXED-LENGTH DATA ELEMENTS--GENERAL INFORMATION
fixed length control field 008 250505s9999 xx 000 0 hin d
037 ## - SOURCE OF ACQUISITION
Stock number Textual
040 ## - CATALOGING SOURCE
Original cataloging agency FEDL
Language of cataloging eng
Transcribing agency FEDL
041 ## - LANGUAGE CODE
Language code of text/sound track or separate title hin
Source of code eng
084 ## - COLON CLASSIFICATION NUMBER
Classification number 491.43, VIS
Assigning agency FEDL
245 #0 - TITLE STATEMENT
Title Vishwa ke manchiter per Hindi
260 ## - PUBLICATION, DISTRIBUTION, ETC.
Date of publication, distribution, etc. 1983
300 ## - PHYSICAL DESCRIPTION
Extent 215p
942 ## - ADDED ENTRY ELEMENTS (KOHA)
Koha item type Textual
Classification part 491.43, VIS
Holdings
Withdrawn status Lost status Damaged status Not for loan Home library Current library Date acquired Total Checkouts Full call number Barcode Date last seen Price effective from Koha item type
        Department of Education Library Department of Education Library 2025-05-08   491.43, VIS EL0075459 2025-05-08 2025-05-08 Textual
Copyright @ Delhi University Library System